000 00856nam a2200301Ia 4500
001 13667
003 IT-RoPAU
008 130308s9999 xx 000 0 und d
040 _aIT-RoPAU
040 _cIT-RoPAU
041 _aITALIANO
100 _aFabris Giampaolo
100 _gCodice Aut. SPICS: 6860
245 _aIntervista di gruppo (L')
245 _bRicerche motivazionali (Le)
250 _a1a ed.
260 _aMILANO
260 _bEtas Libri/Kompass
260 _c1967 [1° Ed.:1967 - Ed.Ling.Originale:1967]
300 _a"32 p. (prefazione: no ; testo: 32 [pagine: 267-298])"
500 _aColloquio di gruppo Vantaggi e Svantaggi dell'intervista di gruppo Dinamica dell'Intervista
650 _aSAGGI SUL MARKETING
650 _eCodice materia Spics: 6461
942 _cBK
957 _71
999 _c49148
_d49148
999 _bSI
999 _g1